| 000 | 00388nam a22001697a 4500 | ||
|---|---|---|---|
| 005 | 20160621123522.0 | ||
| 008 | 160621b xxu||||| |||| 00| 0 eng d | ||
| 020 | _a978-0-07-0616349 | ||
| 041 | _aeng | ||
| 082 | _b8733 | ||
| 100 |
_aJawadekar, Waman J _92391 |
||
| 245 | _aManagement Intermation systems | ||
| 260 | _bTMH | ||
| 300 | _a761 | ||
| 650 |
_aManagement _9241 |
||
| 942 | _cBK | ||
| 999 |
_c3381 _d3380 |
||